| 000 | 00651nam a22002177a 4500 | ||
|---|---|---|---|
| 003 | OSt | ||
| 005 | 20251216030111.0 | ||
| 008 | 251216b |||||||| |||| 00| 0 eng d | ||
| 020 | _a978-1-85326-039-1 | ||
| 040 |
_aDWCL Main Lib. _cOC |
||
| 082 | _aFic. D548t 1999 | ||
| 100 | _aDickens, Charles | ||
| 245 |
_aA tale of two cities/ _cCharles Dickens |
||
| 260 |
_aLondon : _bWadsworth Classics, _cc1999 |
||
| 300 |
_axviii, 329 p. : _bill. ; _c20 cm. |
||
| 500 | _aIncludes bibliographical references. | ||
| 650 | _a1. France-History-Revolution, 1789-1799. | ||
| 700 | _aMerchant, Peter | ||
| 700 | _aBrowne, H.K. | ||
| 942 |
_2ddc _cFIC. _kFic. _n0 |
||
| 999 |
_c7104 _d7104 |
||